When the scoundrel sins #2 / Anna Harrington.
Available copies
- 1 of 1 copy available at LARL/NWRL Consortium. (Show)
- 1 of 1 copy available at Northwest Regional Library.
Current holds
0 current holds with 1 total copy.
Show All Copies
| Location | Call Number / Copy Notes | Barcode | Shelving Location | Status | Due Date |
|---|---|---|---|---|---|
| Thief River Falls Public Library | pb (Text) | 35500005943020 | Main | Available | - |
Record details
- ISBN: 9781455597284
- ISBN: 1455597287
- Physical Description: 333 pages ; 18 cm.
- Edition: First edition.
- Publisher: New York : Forever, an imprint of Grand Central Publishing, 2017.
- Copyright: ©2017
Content descriptions
| Summary, etc.: | Annabelle Green needs a husband-and quickly. To ... Read More |
Search for related items by subject
| Subject: | Mate selection > Fiction. |
| Genre: | Romance fiction. Historical fiction. Regency fiction. Love stories. |
Search for related items by series
| LDR | 01844cam a2200445Ki 4500 | ||
|---|---|---|---|
| 001 | 264702 | ||
| 003 | LARL_NWRL_CONSORTIUM | ||
| 005 | 20170830201335.0 | ||
| 008 | 161209t20172017nyu 000 1 eng d | ||
| 040 | . | ‡aYDX ‡beng ‡erda ‡cYDX ‡dBTCTA ‡dBDX ‡dIEB ‡dPCX ‡dIUK ‡dNRG | |
| 019 | . | ‡a965805415 | |
| 020 | . | ‡a9781455597284 ‡q(paperback) | |
| 020 | . | ‡a1455597287 ‡q(paperback) | |
| 020 | . | ‡z9781455597277 ‡q(ebook) | |
| 035 | . | ‡a(OCoLC)965766503 ‡z(OCoLC)965805415 | |
| 082 | 0 | 4. | ‡a813/.6 ‡223 |
| 049 | . | ‡aNRGA | |
| 100 | 1 | . | ‡aHarrington, Anna ‡c(Romance fiction writer) ‡0(LARL_NWRL_CONSORTIUM)222367 |
| 245 | 1 | 0. | ‡aWhen the scoundrel sins ‡n#2 / ‡cAnna Harrington. |
| 250 | . | ‡aFirst edition. | |
| 264 | 1. | ‡aNew York : ‡bForever, an imprint of Grand Central Publishing, ‡c2017. | |
| 264 | 4. | ‡c©2017 | |
| 300 | . | ‡a333 pages ; ‡c18 cm. | |
| 336 | . | ‡atext ‡btxt ‡2rdacontent | |
| 337 | . | ‡aunmediated ‡bn ‡2rdamedia | |
| 338 | . | ‡avolume ‡bnc ‡2rdacarrier | |
| 490 | 0 | . | ‡aCapturing the Carlisles ; ‡v2 |
| 520 | . | ‡aAnnabelle Green needs a husband-and quickly. To inherit the only home she's ever known, she must be married by her twenty-fifth birthday. But finding a suitor has been next to impossible after a reckless rogue named Quinton Carlisle seduced her into a scandalous midnight tryst. Her reputation in ruins, Belle now needs a rather large favor. And she knows just who to turn to... | |
| 650 | 0. | ‡aMate selection ‡vFiction. ‡0(LARL_NWRL_CONSORTIUM)166016 | |
| 655 | 7. | ‡aRomance fiction. ‡2lcgft | |
| 655 | 7. | ‡aHistorical fiction. ‡2lcgft | |
| 655 | 7. | ‡aRegency fiction. ‡2gsafd | |
| 655 | 7. | ‡aLove stories. ‡2gsafd | |
| 905 | . | ‡ubacont | |
| 901 | . | ‡a264702 ‡b ‡c264702 ‡tbiblio ‡soclc | |

Add to basket
Permalink
Disable Highlighting